LA GRAMATICA DESCOMPLICADA (Registro nro. 50889)
[ vista simple ]
| 000 -LEADER | |
|---|---|
| fixed length control field | 00849nam a2200193 a 4500 |
| 001 - CONTROL NUMBER | |
| control field | 50889 |
| 005 - DATE AND TIME OF LATEST TRANSACTION | |
| control field | 20180714040125.0 |
| 008 - FIXED-LENGTH DATA ELEMENTS--GENERAL INFORMATION | |
| fixed length control field | 140415s2006 mx 000 0 spa d |
| 020 ## - INTERNATIONAL STANDARD BOOK NUMBER | |
| International Standard Book Number | 9707700661 |
| 041 ## - LANGUAGE CODE | |
| Language code of text/sound track or separate title | spa |
| 082 ## - DEWEY DECIMAL CLASSIFICATION NUMBER | |
| Classification number | 465 |
| Item number | GRI |
| 100 1# - MAIN ENTRY--PERSONAL NAME | |
| Personal name | GRIJELMO, ALEX |
| 245 13 - TITLE STATEMENT | |
| Title | LA GRAMATICA DESCOMPLICADA |
| 250 ## - EDITION STATEMENT | |
| Edition statement | 1a ed. |
| 260 ## - PUBLICATION, DISTRIBUTION, ETC. | |
| Place of publication, distribution, etc. | MEXICO : |
| Name of publisher, distributor, etc. | SANTILLANA EDICIONES GENERALES, S.A. DE C.V., |
| Date of publication, distribution, etc. | 2006 |
| 300 ## - PHYSICAL DESCRIPTION | |
| Extent | 529 |
| Dimensions | 15 x 3 x 23.8 |
| 520 ## - SUMMARY, ETC. | |
| Summary, etc. | LA OBRA QUE TIENES EN TUS MANOS ESTA DESTINADA A PENSAR CON LA GRAMATICA, NO A MEMORIZARLA, EL LENGUAJE ES EL PENSAMIENTO, Y CONOCER COMO SE HAN ESTRUCTURADO NUESTRAS RAZONES. LA GRAMATICA TROCEA LO QUE PENSAMOS, NOS PERMITE AVERIGUAR LO QUE PASA EN EL ALMA DE QUIEN HABLA Y NOS AYUDA A ORDENAR LA REALIDAD. |
| 650 14 - SUBJECT ADDED ENTRY--TOPICAL TERM | |
| Topical term or geographic name entry element | ESPAOL |
| General subdivision | ESTUDIO Y ENSEANZA |
| -- | GRAMATICA |
| -- | LINGUISTICA |
| Withdrawn status | Lost status | Source of classification or shelving scheme | Damaged status | Not for loan | Collection code | Home library | Current library | Shelving location | Date acquired | Source of acquisition | Inventory number | Total Checkouts | Total Renewals | Full call number | Barcode | Date last seen | Date last checked out | Price effective from | Koha item type |
|---|---|---|---|---|---|---|---|---|---|---|---|---|---|---|---|---|---|---|---|
| Dewey Decimal Classification | General | Biblioteca Karol Wojtyla | Biblioteca Karol Wojtyla | Sala general | 03/12/2013 | Compra | 151000000000000000018770 | 4 | 1 | 465 GRI | 75975 | 18/03/2026 | 10/03/2026 | 03/12/2013 | Libro |